000 00417 a2200157 4500
005 20250626075816.0
020 _a0-13-144486-7
082 _a658 GRI
100 _aGRIFFIN, R. W
245 _aBusiness,
250 _a1st Ed.
260 _aCanada,
_bPrentice Hall,
_c1993.
300 _axxiii.; 723p.; table.; picture,
_bGlossary, References & Index,
_c29cm.
700 _aEBERT, R. J & STARKE, F.A.
942 _2ddc
_cBKS
999 _c5230
_d5230